000 00557cam a2200217 i 4500
001 2753603
005 20180130035157.0
008 790316s1979 nyu b 001 0 eng
010 _a 79011847
020 _a0841904359
040 _aDLC
_cDLC
_dDLC
041 _aeng
080 _a301.411 pet
082 0 0 _a301.411 pet
100 1 _a50
101 _asoc
245 1 0 _aBe a man! :
_cPeter N. Stearns.
504 _aBibliography: p. 225-226.
906 _a7
_bcbc
_corignew
_d1
_eocip
_f19
_gy-gencatlg
942 _2ddc
_cBK
999 _c41233
_d41233